| 000 | 02866nam a22002417a 4500 | ||
|---|---|---|---|
| 003 | GR-AtMCL | ||
| 005 | 20260113134910.0 | ||
| 006 | a|||||r||||||||||| | ||
| 008 | n2020||||gr g ||| gre d | ||
| 020 | _a9789606352096 | ||
| 040 |
_bgre _aGR-AtMCL _dGR-AtMCL _eAACR2 |
||
| 041 | 1 | _heng | |
| 100 |
_aPeck, Scott M. _910255 |
||
| 245 | 0 | 2 |
_aΟ δρόμος ο λιγότερο ταξιδεμένος : _bμια νέα ψυχολογία της αγάπης, των παραδοσιακών αξιών και της πνευματικής ανάπτυξης / _cM. Scott Peck ; μετάφραση Σοφία Ανδρεοπούλου |
| 260 |
_aΑθήνα : _bΠεδίο, _c2020 |
||
| 300 |
_a462 σ. ; _c21 εκ. |
||
| 500 | _aΤίτλος πρωτοτύπου: The road less travelled | ||
| 520 | _aΚανένα άλλο κείμενο δεν άλλαξε τόσο τη διανοητική και πνευματική ζωή μιας ολόκληρης γενιάς ανθρώπων όσο αυτό το εκπληκτικό βιβλίο. Σε αυτό ο Δρ Scott Peck, διάσημος ψυχίατρος και συγγραφέας, μας παρουσιάζει τη νέα «ψυχολογία της αγάπης»: έναν διαφορετικό τρόπο να βλέπουμε τη ζωή, τον εαυτό μας και τους άλλους. Οι εμβριθείς ιδέες, τα ζωντανά παραδείγματα, οι συναρπαστικές ιστορίες και τα τεκμηριωμένα επιστημονικά δεδομένα θα μας βοηθήσουν να κατανοήσουμε σε βάθος τον τρόπο με τον οποίο μπορούμε να διαχειριστούμε τα προβλήματά μας, να βελτιώσουμε τις σχέσεις μας και να βρούμε εσωτερική γαλήνη και φώτιση. Πορευόμενος μέσα στα δύσβατα μονοπάτια των ανθρώπινων ιδεών και σχέσεων, ο συγγραφέας ανοίγει για εμάς τον δρόμο προς την πνευματική ανάπτυξη, την εσωτερική ισορροπία - και τελικά προς μια ολοκληρωμένη και γεμάτη νόημα ζωή. Από τα μεγαλύτερα μπεστ σέλερ του είδους του, "Ο δρόμος ο λιγότερο ταξιδεμένος" έχει μεταφραστεί σε περισσότερες από είκοσι γλώσσες και έχει επηρεάσει βαθιά με τις ιδέες του εκατομμύρια ανθρώπους σε όλο τον κόσμο. | ||
| 650 | 0 |
_aΨυχολογία _99898 |
|
| 650 | 0 | _aΑυτοπραγμάτωση (Ψυχολογία) | |
| 942 | _cBK | ||
| 999 |
_c10040 _d10040 |
||